Countries Most Similar To Guyana - Statistics

General Stats
  • This quiz has been taken 46 times
  • The average score is 11 of 20
Answer Stats
Rank Country Score % Correct
4 Jamaica 71.2
90%
1 Suriname 76.7
83%
2 Trinidad and Tobago 75.1
83%
3 Belize 71.9
80%
9 Brazil 63.6
70%
8 Panama 64.1
67%
5 Bahamas 68.2
63%
11 Colombia 63.4
63%
10 Dominican Republic 63.6
60%
17 Peru 61.5
60%
14 Ecuador 62.1
57%
16 Honduras 61.8
53%
6 Nicaragua 64.6
53%
15 El Salvador 61.9
50%
20 Guatemala 60.6
43%
13 Mauritius 62.9
30%
7 Fiji 64.6
27%
18 Ghana 61.3
23%
12 Liberia 63
13%
19 Vanuatu 61.3
10%
No matching quizzes found
Score Distribution
Percent of People with Each Score
Percentile by Number Answered
Your Score History
You have not taken this quiz